Sports Quiz

Random Sports or Golf Quiz

Most PGA TOUR Wins A-Z Quiz Stats

 Plays Quiz not verified by Sporcle

Challenge
Share
Tweet
Embed
Score 0/24 Timer 06:00
0 Plays Today
Letter Golfer % Correct
WTiger Woods
100%
NJack Nicklaus
91.9%
PArnold Palmer
87.6%
SSam Snead
80.6%
HBen Hogan
76.3%
ZFuzzy Zoeller
55.9%
EErnie Els
54.8%
TLee Trevino
54.3%
CBilly Casper
40.3%
KTom Kite
38.7%
MPhil Mickelson
36.6%
FJohnny Farrell and Raymond Floyd
30.6%
Letter Golfer % Correct
IHale Irwin
29%
ATommy Armour
26.9%
OMark O'Meara
26.9%
GHubert Green
16.7%
VKen Venturi
16.7%
DJimmy Demaret
16.1%
LGene Littler
13.4%
JZach Johnson
10.8%
RPaul Runyan
8.1%
BJim Barnes
5.4%
YBert Yancey
5.4%
UStan Utley
4.3%

You're not logged in!

Compare scores with friends on all Sporcle quizzes.
Join for Free
OR
Log In

You Might Also Like...

Show Comments

Extras

Top Quizzes Today


Score Distribution

Your Account Isn't Verified!

In order to create a playlist on Sporcle, you need to verify the email address you used during registration. Go to your Sporcle Settings to finish the process.

Report this User

Report this user for behavior that violates our Community Guidelines.

Details: